MANAGING RECORDS: A HANDBOOK OF PRINCIPLES AND PRACTICE (Record no. 215929)
[ view plain ]
| 000 -LEADER | |
|---|---|
| fixed length control field | 00573nam a22001817a 4500 |
| 008 - FIXED-LENGTH DATA ELEMENTS--GENERAL INFORMATION | |
| fixed length control field | 250717b |||||||| |||| 00| 0 eng d |
| 020 ## - INTERNATIONAL STANDARD BOOK NUMBER | |
| International Standard Book Number | 978-1-85604-370-0 |
| 050 ## - LIBRARY OF CONGRESS CALL NUMBER | |
| Classification number | HF5736 .S54 2003 |
| 100 ## - MAIN ENTRY--PERSONAL NAME | |
| Personal name | SHEPHERD, ELIZABETH |
| 245 ## - TITLE STATEMENT | |
| Title | MANAGING RECORDS: A HANDBOOK OF PRINCIPLES AND PRACTICE |
| 260 ## - PUBLICATION, DISTRIBUTION, ETC. | |
| Place of publication, distribution, etc. | LONDON |
| Name of publisher, distributor, etc. | FACET PUB. |
| Date of publication, distribution, etc. | 2003 |
| 300 ## - PHYSICAL DESCRIPTION | |
| Extent | XIV, 318 P. : ILL. |
| 500 ## - GENERAL NOTE | |
| General note | INCLUDES BIBLIOGRAPHICAL REFERENCES AND INDEX |
| 650 ## - SUBJECT ADDED ENTRY | |
| Topical term or geographic name entry element | RECORDS--MANAGEMENT--HANDBOOKS, MANUALS, ETC |
| 700 ## - ADDED ENTRY--PERSONAL NAME | |
| Personal name | YEO, GEOFFREY |
| 942 ## - ADDED ENTRY ELEMENTS (KOHA) | |
| Source of classification or shelving scheme | Library of Congress Classification |
| Koha item type | Long Loan Book |
| Withdrawn status | Lost status | Source of classification or shelving scheme | Damaged status | Not for loan | Collection | Home library | Current library | Shelving location | Date acquired | Inventory number | Total checkouts | Full call number | Barcode | Date last seen | Copy number | Price effective from | Koha item type |
|---|---|---|---|---|---|---|---|---|---|---|---|---|---|---|---|---|---|
| Library of Congress Classification | Business & Economics | Kisii University Library | Kisii University Library | On Display | 07/17/2025 | 109154 | HF5736 .S54 2003 | 000000020489 | 07/17/2025 | 1 | 07/17/2025 | Long Loan Book | |||||
| Library of Congress Classification | Business & Economics | Kisii University Library | Kisii University Library | On Display | 07/17/2025 | 109155 | HF5736 .S54 2003 | 000000020488 | 07/17/2025 | 2 | 07/17/2025 | Long Loan Book | |||||
| Library of Congress Classification | Business & Economics | Kisii University Library | Kisii University Library | On Display | 07/17/2025 | 109156 | HF5736 .S54 2003 | 000000020487 | 07/17/2025 | 3 | 07/17/2025 | Long Loan Book | |||||
| Library of Congress Classification | Business & Economics | Kisii University Library | Kisii University Library | On Display | 07/17/2025 | 109157 | HF5736 .S54 2003 | 000000018242 | 07/17/2025 | 4 | 07/17/2025 | Long Loan Book | |||||
| Library of Congress Classification | Business & Economics | Kisii University Library | Kisii University Library | On Display | 07/17/2025 | 109158 | HF5736 .S54 2003 | 000000018241 | 07/17/2025 | 5 | 07/17/2025 | Long Loan Book |